000 00654nam a2200217Ia 4500
008 160319s9999 xx 000 0 und d
020 _a971-574-039-1
050 _aFIL HF 5694
050 _b.N63 2001 c.2
100 _aNocon, Ferdinand P.
245 _aEssentials of business mathematics /
245 _cFerdinand P. Nocon, Joel T. Torrecampo, Loreta B. Torrecampo.
260 _aQuezon City:
260 _bKatha Pub. Co., Inc.,
260 _c2001
300 _a235 pages :
300 _billustrations ;
300 _c25 cm.
500 _aIncludes bibliographical reference.
650 _aBusiness mathematics -- Problems, exercises, etc.
999 _c291799
_d291799